000 00679nam a2200241Ia 4500
003 OSt
005 20220925185019.0
006 a|||||r|||| 00| 0
007 ta
008 220923b |||||||| |||| 00| 0 eng d
037 _cGeneral Book
040 _aRTL
_cRTL
_beng
041 _2eng
_aeng
082 _aU21.2794.N8, N0
100 _aPanda P C
_9232477
245 0 _aGeomorphology and rural settlements in India
260 _aAllahabad
_bChugh Publications India
_c1990
300 _axv,298p.
_ccm.
500 _aBib p. 261-78 Append
650 _aGeomorphology
942 _hU21.2794.N8, N0
_cGB
_2CC
999 _c509535
_d509535